000 01116nam a2200301 i 4500
003 DO-SdBNP
005 20251208082811.0
007 ta
008 251031b2020 dr ||||| |||| 00| 0 spa d
020 _a9789945913095
040 _aDO-SdBNP
_bspa
_cBNPHU
_erda
041 _aspa
082 4 _axxx
_bD718c
_222
100 1 _aDorsonne, Roland,
_d1977-
_eautor
_4aut.
_988758
245 1 0 _aKreyòl mwen ak espanyòl mwen nan bouch mwen = Mi creole y mi español están en mi boca /
_cRoland Dorsonne ; diagramación y concepción, Raynaldo Pierre Louis.
246 _aMi creole y mi español están en mi boca
250 _aPrimera edición
264 4 _aSanto Domingo, República Dominicana :
_bFR Multiservicios, S.R.L.,
_c©2020.
300 _a96 páginas ;
_c23 cm.
336 _atexto
_btxt
_2rdacontent
337 _asin mediación
_bn
_2rdamedia
338 _avolumen
_bnc
_2rdacarrier
500 _aIncluye datos biográficos del autor en la contracubierta
590 _aInventariado, 2025 /LP
700 1 _aPierre Louis, Raynaldo,
_ediagramador
_4diagrd.
_988797
910 _aLP
942 _2ddc
_cLBS1
999 _c59993
_d59993